<?xml version="1.0" encoding="UTF-8"?>
<record
    xmlns:xsi="http://www.w3.org/2001/XMLSchema-instance"
    xsi:schemaLocation="http://www.loc.gov/MARC21/slim http://www.loc.gov/standards/marcxml/schema/MARC21slim.xsd"
    xmlns="http://www.loc.gov/MARC21/slim">

  <leader>02778njm a2200505Ia 4500</leader>
  <controlfield tag="001">73767</controlfield>
  <controlfield tag="003">IT-RoPAU</controlfield>
  <controlfield tag="005">20220918181117.0</controlfield>
  <controlfield tag="008">131025s9999    xx            000 0 und d</controlfield>
  <datafield tag="040" ind1=" " ind2=" ">
    <subfield code="a">IT-RoPAU</subfield>
  </datafield>
  <datafield tag="040" ind1=" " ind2=" ">
    <subfield code="c">IT-RoPAU</subfield>
  </datafield>
  <datafield tag="041" ind1=" " ind2=" ">
    <subfield code="a">INGLESE</subfield>
  </datafield>
  <datafield tag="999" ind1=" " ind2=" ">
    <subfield code="c">99537</subfield>
    <subfield code="d">99537</subfield>
  </datafield>
  <datafield tag="999" ind1=" " ind2=" ">
    <subfield code="b">n.d.</subfield>
  </datafield>
  <datafield tag="100" ind1=" " ind2=" ">
    <subfield code="a">AA.VV.</subfield>
    <subfield code="9">794</subfield>
  </datafield>
  <datafield tag="100" ind1=" " ind2=" ">
    <subfield code="e">Autore musica</subfield>
    <subfield code="9">25130</subfield>
  </datafield>
  <datafield tag="100" ind1=" " ind2=" ">
    <subfield code="g">Codice autore musica SPICS: 12000</subfield>
    <subfield code="9">796</subfield>
  </datafield>
  <datafield tag="245" ind1=" " ind2=" ">
    <subfield code="a">Giving You The Best That I Got (Lp 96 0827)</subfield>
  </datafield>
  <datafield tag="250" ind1=" " ind2=" ">
    <subfield code="a">1a ed.</subfield>
  </datafield>
  <datafield tag="260" ind1=" " ind2=" ">
    <subfield code="a">ITALIA</subfield>
  </datafield>
  <datafield tag="260" ind1=" " ind2=" ">
    <subfield code="b">ASYLUM RECORDS</subfield>
    <subfield code="c">1988 [1a Ed.:1988 - Ed. Lingua Orig.: 1988]</subfield>
  </datafield>
  <datafield tag="300" ind1=" " ind2=" ">
    <subfield code="a">DISCO</subfield>
  </datafield>
  <datafield tag="300" ind1=" " ind2=" ">
    <subfield code="c">40 minuti (Testo: 0 pag.)</subfield>
  </datafield>
  <datafield tag="500" ind1=" " ind2=" ">
    <subfield code="a">Musica Pop</subfield>
  </datafield>
  <datafield tag="505" ind1=" " ind2=" ">
    <subfield code="a">Rules (4:00) - Good Enough (5:00) - Just Because (6:00) - You Belong To Me (4:00) - Priceless (5:00) - Lead Me Into Love (5:00) - Giving You the Best That I Got (5:00) - Good Love (6:00)</subfield>
  </datafield>
  <datafield tag="650" ind1=" " ind2=" ">
    <subfield code="a">POP [DISCHI]</subfield>
    <subfield code="e">Codice MATERIA SPICS: 9950</subfield>
    <subfield code="9">1001</subfield>
  </datafield>
  <datafield tag="700" ind1=" " ind2=" ">
    <subfield code="a">Baker Anita</subfield>
    <subfield code="g">Codice interprete SPICS: 25641</subfield>
    <subfield code="e">Interprete</subfield>
    <subfield code="9">25131</subfield>
  </datafield>
  <datafield tag="700" ind1=" " ind2=" ">
    <subfield code="a">Ryder Maggie</subfield>
    <subfield code="g">Codice autore musica SPICS: 25635</subfield>
    <subfield code="e">Autore musica</subfield>
    <subfield code="p">Rules</subfield>
    <subfield code="9">25132</subfield>
  </datafield>
  <datafield tag="700" ind1=" " ind2=" ">
    <subfield code="a">Nicholl Phil</subfield>
    <subfield code="g">Codice autore SPICS: 25660</subfield>
    <subfield code="e">Autore</subfield>
    <subfield code="p">Rules</subfield>
    <subfield code="9">25133</subfield>
  </datafield>
  <datafield tag="700" ind1=" " ind2=" ">
    <subfield code="a">Lamb Graham</subfield>
    <subfield code="g">Codice autore testo/musica SPICS: 25675</subfield>
    <subfield code="e">Autore testo/musica</subfield>
    <subfield code="p">Rules</subfield>
    <subfield code="9">25134</subfield>
  </datafield>
  <datafield tag="700" ind1=" " ind2=" ">
    <subfield code="a">McBride James</subfield>
    <subfield code="g">Codice autore musica SPICS: 25636</subfield>
    <subfield code="e">Autore musica</subfield>
    <subfield code="p">Good Enough</subfield>
    <subfield code="9">25135</subfield>
  </datafield>
  <datafield tag="700" ind1=" " ind2=" ">
    <subfield code="a">Baker Anita</subfield>
    <subfield code="g">Codice autore musica SPICS: 25641</subfield>
    <subfield code="e">Autore musica</subfield>
    <subfield code="p">Good Enough - Giving You the Best That I Got</subfield>
    <subfield code="9">25136</subfield>
  </datafield>
  <datafield tag="700" ind1=" " ind2=" ">
    <subfield code="a">O'Hara Michael</subfield>
    <subfield code="g">Codice autore musica SPICS: 25637</subfield>
    <subfield code="e">Autore musica</subfield>
    <subfield code="p">Just Because</subfield>
    <subfield code="9">25137</subfield>
  </datafield>
  <datafield tag="700" ind1=" " ind2=" ">
    <subfield code="a">McKinney Sammy</subfield>
    <subfield code="g">Codice autore SPICS: 25661</subfield>
    <subfield code="e">Autore</subfield>
    <subfield code="p">Just Because</subfield>
    <subfield code="9">25138</subfield>
  </datafield>
  <datafield tag="700" ind1=" " ind2=" ">
    <subfield code="a">Brown Alex</subfield>
    <subfield code="g">Codice autore testo/musica SPICS: 14000</subfield>
    <subfield code="e">Autore testo/musica</subfield>
    <subfield code="p">Just Because</subfield>
    <subfield code="9">25139</subfield>
  </datafield>
  <datafield tag="700" ind1=" " ind2=" ">
    <subfield code="a">Lyle Graham</subfield>
    <subfield code="g">Codice autore musica SPICS: 25638</subfield>
    <subfield code="e">Autore musica</subfield>
    <subfield code="p">You Belong To Me</subfield>
    <subfield code="9">25140</subfield>
  </datafield>
  <datafield tag="700" ind1=" " ind2=" ">
    <subfield code="a">Britten Terry</subfield>
    <subfield code="g">Codice autore SPICS: 21776</subfield>
    <subfield code="e">Autore</subfield>
    <subfield code="p">You Belong To Me</subfield>
    <subfield code="9">25141</subfield>
  </datafield>
  <datafield tag="700" ind1=" " ind2=" ">
    <subfield code="a">Livsey Billy</subfield>
    <subfield code="g">Codice autore testo/musica SPICS: 25676</subfield>
    <subfield code="e">Autore testo/musica</subfield>
    <subfield code="p">You Belong To Me</subfield>
    <subfield code="9">25142</subfield>
  </datafield>
  <datafield tag="700" ind1=" " ind2=" ">
    <subfield code="a">Glenn Garry</subfield>
    <subfield code="g">Codice autore musica SPICS: 25639</subfield>
    <subfield code="e">Autore musica</subfield>
    <subfield code="p">Priceless</subfield>
    <subfield code="9">25143</subfield>
  </datafield>
  <datafield tag="700" ind1=" " ind2=" ">
    <subfield code="a">Lane Steve</subfield>
    <subfield code="g">Codice autore musica SPICS: 25640</subfield>
    <subfield code="e">Autore musica</subfield>
    <subfield code="p">Lead Me Into Love</subfield>
    <subfield code="9">25144</subfield>
  </datafield>
  <datafield tag="700" ind1=" " ind2=" ">
    <subfield code="a">Prentiss Larry</subfield>
    <subfield code="g">Codice autore SPICS: 25662</subfield>
    <subfield code="e">Autore</subfield>
    <subfield code="p">Lead Me Into Love</subfield>
    <subfield code="9">25145</subfield>
  </datafield>
  <datafield tag="700" ind1=" " ind2=" ">
    <subfield code="a">Scarbourough Skip</subfield>
    <subfield code="g">Codice autore SPICS: 25663</subfield>
    <subfield code="e">Autore</subfield>
    <subfield code="p">Giving You the Best That I Got</subfield>
    <subfield code="9">25146</subfield>
  </datafield>
  <datafield tag="700" ind1=" " ind2=" ">
    <subfield code="a">Holland Randy</subfield>
    <subfield code="g">Codice autore testo/musica SPICS: 25677</subfield>
    <subfield code="e">Autore testo/musica</subfield>
    <subfield code="p">Giving You the Best That I Got</subfield>
    <subfield code="9">25147</subfield>
  </datafield>
  <datafield tag="700" ind1=" " ind2=" ">
    <subfield code="a">Taylor Gary</subfield>
    <subfield code="g">Codice autore musica SPICS: 25642</subfield>
    <subfield code="e">Autore musica</subfield>
    <subfield code="p">Good Love</subfield>
    <subfield code="9">25148</subfield>
  </datafield>
  <datafield tag="942" ind1=" " ind2=" ">
    <subfield code="c">MD</subfield>
    <subfield code="2">ddc</subfield>
  </datafield>
  <datafield tag="952" ind1=" " ind2=" ">
    <subfield code="0">0</subfield>
    <subfield code="1">0</subfield>
    <subfield code="4">0</subfield>
    <subfield code="6">73767_000000000000000</subfield>
    <subfield code="7">1</subfield>
    <subfield code="a">SPICS</subfield>
    <subfield code="b">SPICS</subfield>
    <subfield code="d">2013-10-25</subfield>
    <subfield code="l">0</subfield>
    <subfield code="o">73767</subfield>
    <subfield code="r">2013-10-25 00:00:00</subfield>
    <subfield code="w">2013-10-25</subfield>
    <subfield code="y">MD</subfield>
    <subfield code="z">Progr. Ins.: 17832 / N.Vol.: 1 / Copie: 1 - Copia rara: n.d. / date import: 01.01.2014 - By Epidotti, Trombetti, Vaglietti</subfield>
  </datafield>
</record>
